01359cam a2200349 i 450000100090000000300040000900500170001300800410003001000170007102000240008802000210011204000280013304200080016105000210016908200170019010000330020724501960024025000200043626400310045630000290048733600260051633700280054233800270057050400510059765000290064870000390067770000550071690600450077194200400081695201360085699900170099219785244OSt20230926120459.0170714s2019 mau b 001 0 eng  a 2017033015 a9780134686998 (hbk) a0134686993 (hbk) aDLCbengcDLCerdadDLC apcc00aQA276b.H59 201900a519.5bHOG/I aHogg, Robert Veauthor.977610aIntroduction to mathematical statistics /cRobert V. Hogg, University of Iowa, Joseph W. McKean, Western Michigan University, Allen T. Craig, Late Professor of Statistics, University of Iowa. aEighth edition. 1aBoston :bPearson,c[2019] axiii, 746 pages ;c26 cm atextbtxt2rdacontent aunmediatedbn2rdamedia avolumebnc2rdacarrier aIncludes bibliographical references and index. 0aMathematical statistics.1 aMcKean, Joseph W.,d1944-eauthor.1 aCraig, Allen T.q(Allen Thornton),d1905-eauthor. a7bcbccorignewd1eecipf20gy-gencatlg 2ddccBKh519.5iHOG/Ik519.5mHOG/I 00102ddc40708STATISTICSaMESbMEScSTAd2023-09-26l0o519.5 HOG/Ip42735r2023-09-26 12:05:34v1155.00w2023-09-26yBKzGL21R2 c42440d42440